000 00784nam a2200229Ii 4500
003 JO-AjNU
008 230605s9999||||xx |||||||||||||| ||und||
017 _a2000/7/2173
020 _a978-9957-07-175-0
040 _aJO-AjNU
_bara
_erda
_cJO-AjNU
041 _aara
050 1 4 _aHV1568 .Z8298 2011
100 3 _aالزعمط، يوسف شبلي,
_eauthor
_931716
245 0 0 _aالتأهيل المهني للمعوقين
250 _aط3
264 3 1 _aعمان: دار الفكر ناشرون وموزعون، 2011
300 _a188ص
_bيحتوي على ببلوغرافية من 186-188ص
336 _atext
_btxt
_2rdacontent
337 _aunmediated
_bn
_2rdamedia
338 _avolume
_bnc
_2rdacarrier
650 4 _aالتأهيل المهني -المعوقون
_931717
999 _aA12717
_c16285
_d16285